Lifting coronavirus restrictions The role of therapeutics, testing, and contact-tracing apps: in-depth analysis /

Bibliographic Details
Main Author: Dumbrava, Costica
Format: eBook
Language:English
Published: Bruselas: European Union Publications Office, 2020
Subjects:
Online Access:Acceso restringido

MARC

LEADER 00000nam a22000007a 4500
005 20211229210120.0
007 cr|||| ||||
008 211229s2020 eu |||||s||||i00||0 eng d
020 |a 978-92-846-6945-5 
035 |a 34002 
040 |a vLex 
090 |c 12792  |d 12792 
100 1 |a Dumbrava, Costica 
245 1 0 |a Lifting coronavirus restrictions  |h [Recurso electrn̤ico] :  |b The role of therapeutics, testing, and contact-tracing apps: in-depth analysis /  |c Costica Dumbrava 
256 |a Servicio en ln̕ea 
260 |a Bruselas:  |b European Union Publications Office,  |c 2020 
300 |a 1 recurso electrn̤ico 
500 |a In the absence of vaccines and treatments for Covid-19, any easing of restrictions to freedom of movement and social life needs to be accompanied by enhanced monitoring measures, such as expanded testing capacity and improved contact tracing, including use of appropriate digital technologies. There are very few certainties about the coronavirus pandemic, but perhaps one is that no isolated measure or silver-bullet solution is likely to solve all aspects of the crisis. A flexible and integrated strategy, based on complementary tools and measures (therapeutics, testing and contact tracing) and a coordinated approach across the EU are key to gradually lifting restrictions and to going back to the (new) normal. 
506 1 |a Disponible solo en los productos indicados  |d vLex Global  |d vLex Global (Academic Edition, excluding Law Schools)  |d vLex Global (U.S. Academic Edition, Law Schools)  |d vLex Global (U.S. Academic Edition, excluding Law Schools)  |d vLex Global (Academic Edition, Law Schools) 
650 0 4 |a Derecho Comunitario  |z Unin̤ Europea 
740 0 |a vLex Libros (Servicio en ln̕ea) 
856 4 0 |u https://app.vlex.com/#/sources/34002  |z Acceso restringido 
942 |c BOOK 
999 0 |a Community Law